000 00551nam a22001817a 4500
005 20251108164849.0
008 250721s2009 xx 000 0 ara d
082 1 4 _a519.5/شوم
100 1 _aشومان، عبد اللطيف
245 1 0 _aمقدمة في الإحصاء و الاستنتاج الإحصائي /
264 1 _aعمان :
_bدار الجنان،
_c2009.
300 _a374ص.
650 1 7 _aالاحصاء
650 1 7 _aالاحصاء الوصفي
650 1 7 _aالاحصاء الرياضي
942 _2ddc
_cBK
999 _c16157
_d16157